[Event "FIDE World Rapid Team"]
[Site "London ENG"]
[Date "2025.06.12"]
[Round "5.4"]
[White "Le, Tuan Minh"]
[Black "Ruck, Robert"]
[Result "1-0"]
[WhiteTitle "GM"]
[BlackTitle "GM"]
[WhiteElo "2598"]
[BlackElo "2515"]
[WhiteTeam "Theme International Trading"]
[BlackTeam "Team Hungary"]
[WhiteFideId "12401153"]
[BlackFideId "705713"]
[EventDate "2025.06.11"]
[EventType "team"]

1. d4 Nf6 2. c4 e6 3. Nf3 d5 4. Nc3 Bb4 5. Qb3 c5 6. dxc5 Na6 7. e3 Qa5 8. Bd2
Nxc5 9. Qc2 Nce4 10. cxd5 Nxd2 11. Nxd2 Bxc3 12. bxc3 Qxd5 13. c4 Qc6 14. Nf3
O-O 15. Be2 b6 16. O-O Ba6 17. Nd4 Qc5 18. Rfc1 Bb7 19. Bf1 Rfc8 20. h3 Qg5 21.
Qb2 Ne4 22. a4 Nc5 23. Rd1 Rd8 24. a5 e5 25. Nb5 bxa5 26. Qa3 Ne4 27. Qxa5 Qh4
28. Qe1 Rxd1 29. Rxd1 a6 30. Nd6 Bc6 31. c5 h6 32. Nxe4 Qxe4 33. Qa5 Qa4 34.
Rd8+ Rxd8 35. Qxd8+ Kh7 36. Qe7 f6 37. Bd3+ e4 38. Be2 a5 39. Kh2 Qa1 40. Qa7 a4
41. Bc4 Qe5+ 42. g3 h5 43. h4 Kh6 44. Qb6 Qe8 45. Qc7 Qd7 46. Qb8 Qe8 47. Qf4+
Kg6 48. Qc7 Qd7 49. Qb6 Qc8 50. Kg2 Qd7 51. Qa6 Qb7 52. Qa5 Qa8 53. Qc7 Qe8 54.
g4 Qd7 55. gxh5+ Kxh5 56. Be2+ Kh6 57. Qf4+ Kh7 58. Bg4 Qe7 59. Qf5+ g6 60. Qc8
Qe8 61. Qc7+ Kh6 62. Qa7 f5 63. Be2 Qd8 64. h5 gxh5 65. Qf7 Qg5+ 66. Kf1 Qg6 67.
Qf8+ Kg5 68. Bc4 h4 69. Qb8 Qf6 70. Qf4+ Kg6 71. Qb8 Kh6 72. Qf4+ Kg7 73. Qc7+
Kg6 74. Kg1 Kh6 75. Kh2 Be8 76. Qf4+ Qg5 77. Qd6+ Qg6 78. Qf8+ Kg5 79. Qe7+ Kh6
80. Qf8+ Kg5 81. Bd5 a3 82. Qe7+ Kh6 83. Be6 Bb5 84. Bf7 Qg5 85. Qf8+ Kh7 86.
Be6 Qg7 87. Bxf5+ Kh6 88. Qd6+ Kh5 89. Qd5 Kh6 90. Qe6+ Kh5 91. Bxe4 a2 92. Bf3+
Kg5 93. Bd5 Kh5 94. Qf5+ Kh6 95. Bxa2 Bc6 96. Qe6+ Qg6 97. Qxg6+ Kxg6 98. Be6
Kf6 99. Bh3 1-0

[Event "FIDE World Rapid Team"]
[Site "London ENG"]
[Date "2025.06.12"]
[Round "5.5"]
[White "Gaal, Zsoka"]
[Black "Gong, Qianyun"]
[Result "1-0"]
[WhiteTitle "WGM"]
[BlackTitle "WGM"]
[WhiteElo "2391"]
[BlackElo "2228"]
[WhiteTeam "Team Hungary"]
[BlackTeam "Theme International Trading"]
[WhiteFideId "777765"]
[BlackFideId "8602425"]
[EventDate "2025.06.11"]
[EventType "team"]

1. Nf3 Nf6 2. g3 c5 3. c4 Nc6 4. Nc3 d5 5. d4 cxd4 6. Nxd4 dxc4 7. Nxc6 Qxd1+ 8.
Nxd1 bxc6 9. Bg2 Nd5 10. Ne3 e6 11. Nxc4 Ba6 12. b3 Bb4+ 13. Bd2 Ke7 14. Rc1
Rac8 15. Bxb4+ Nxb4 16. a3 Nd5 17. O-O c5 18. Rfd1 Bxc4 19. Rxc4 Nb6 20. Rc3 c4
21. Bb7 Rb8 22. Bf3 Rhc8 23. Rd4 cxb3 24. Rxb3 Rc1+ 25. Kg2 Rbc8 26. Rb5 R8c5
27. Rdb4 f5 28. Rb1 R1c3 29. R1b3 Rxb3 30. Rxb3 Ra5 31. Bc6 Kd6 32. Be8 g5 33.
h4 h6 34. h5 Ke7 35. Bb5 Kf6 36. Bc6 g4 37. a4 Kg5 38. Be8 e5 39. Rc3 Nd5 40.
Rc8 Nf6 41. Bb5 Kxh5 42. Rc6 Kg5 43. Re6 e4 44. Rd6 h5 45. Kf1 e3 46. f4+ gxf3
47. exf3 Kg6 48. Ke2 f4 49. gxf4 h4 50. Kxe3 Kg7 51. f5 Nh5 52. Rg6+ Kh7 53. Rg4
a6 54. Rxh4 axb5 55. Rxh5+ Kg7 56. axb5 Kf6 57. b6 Rb5 58. Rh6+ Kg5 59. Rc6 Kxf5
60. Kd4 Rb3 61. Kc4 Rb1 62. Rc5+ Ke6 63. Rb5 Rc1+ 64. Kd4 Rc8 65. b7 Rb8 66. f4
Kd6 67. f5 Kc6 68. Rb1 Kc7 69. Ke5 Re8+ 70. Kf6 Kb8 71. Kf7 Rd8 72. f6 Rd6 73.
Ke7 Rd2 74. f7 Re2+ 75. Kf8 Rg2 76. Re1 Kxb7 77. Ke7 Rg7 78. Ke8 1-0

[Event "FIDE World Rapid Team"]
[Site "London ENG"]
[Date "2025.06.12"]
[Round "5.6"]
[White "Zhang, Changjie"]
[Black "Marton-John, Almos Kiran"]
[Result "0-1"]
[WhiteElo "1808"]
[BlackElo "1987"]
[WhiteTeam "Theme International Trading"]
[BlackTeam "Team Hungary"]
[WhiteFideId "5801877"]
[BlackFideId "17013135"]
[EventDate "2025.06.11"]
[EventType "team"]

1. e4 e5 2. Nc3 Nf6 3. f4 d5 4. fxe5 Nxe4 5. Qf3 f5 6. Bd3 Nc6 7. Bxe4 dxe4 8.
Qg3 Qd4 9. Nge2 Qxe5 10. Qxe5+ Nxe5 11. O-O Bc5+ 12. Kh1 b6 13. Nd5 Bd6 14. b3
Ba6 15. c4 O-O 16. Nef4 Rae8 17. Bb2 Bb7 18. Bxe5 Bxe5 19. Rae1 Bxd5 20. Nxd5 c6
21. Ne3 g6 22. Re2 Rd8 23. Nc2 Bg7 24. Nb4 Rd6 25. Rc1 a5 26. Nc2 Rfd8 27. Rd1
Bh6 28. Ne3 Bxe3 29. Rxe3 Rxd2 30. Rxd2 Rxd2 31. h3 Rxa2 32. Kh2 Ra3 33. c5 b5
34. Kg3 a4 35. Kf4 Rxb3 36. Re2 Rc3 37. Ke5 Rxc5+ 38. Kf6 Rd5 0-1

[Event "FIDE World Rapid Team"]
[Site "London ENG"]
[Date "2025.06.12"]
[Round "5.1"]
[White "Mamedyarov, Shakhriyar"]
[Black "Sagalchik, Gennadij"]
[Result "1-0"]
[WhiteTitle "GM"]
[BlackTitle "GM"]
[WhiteElo "2746"]
[BlackElo "2434"]
[WhiteTeam "Generation XYZA"]
[BlackTeam "Perfect"]
[WhiteFideId "13401319"]
[BlackFideId "2007916"]
[EventDate "2025.06.11"]
[EventType "team"]

1. c4 e5 2. Nf3 d6 3. Nc3 f5 4. d4 e4 5. Ng5 Nf6 6. h4 c6 7. Nh3 Be6 8. d5 Bf7
9. Ng5 Bg8 10. g3 Qa5 11. Bd2 Qb6 12. Bh3 g6 13. O-O Nbd7 14. Be3 Qxb2 15. Bd4
Qb4 16. Ncxe4 fxe4 17. Bxd7+ Nxd7 18. Bxh8 Qxc4 19. dxc6 bxc6 20. Rc1 Qd5 21.
Qa4 Nc5 22. Rxc5 Qxc5 23. Nxe4 Qb5 24. Qd4 O-O-O 25. Qxa7 d5 26. Bf6 Re8 27. Nc3
Qb7 28. Qa4 Bc5 29. Rb1 1-0

[Event "FIDE World Rapid Team"]
[Site "London ENG"]
[Date "2025.06.12"]
[Round "5.2"]
[White "Atlas, Valery"]
[Black "Gurel, Ediz"]
[Result "0-1"]
[WhiteTitle "IM"]
[BlackTitle "GM"]
[WhiteElo "2401"]
[BlackElo "2636"]
[WhiteTeam "Perfect"]
[BlackTeam "Generation XYZA"]
[WhiteFideId "12000035"]
[BlackFideId "44507356"]
[EventDate "2025.06.11"]
[EventType "team"]

1. e4 c5 2. Nf3 e6 3. d4 cxd4 4. Nxd4 Nc6 5. Nc3 Qc7 6. g3 a6 7. Bg2 Nf6 8. O-O
Be7 9. a4 O-O 10. Be3 d6 11. Qe2 Bd7 12. Nxc6 Bxc6 13. a5 Rac8 14. Rfd1 Nd7 15.
Bd4 Bf6 16. h3 Rfd8 17. Kh2 h6 18. Ra3 Bxd4 19. Rxd4 Nf6 20. Qe3 Be8 21. Rd2 Nd7
22. f4 b5 23. axb6 Nxb6 24. Bf1 a5 25. f5 exf5 26. exf5 d5 27. f6 Qd6 28. Qd4
Qxf6 29. Qxf6 gxf6 30. Rxa5 d4 31. Ne4 Kg7 32. g4 Rc6 33. Ng3 d3 34. Nh5+ Kf8
35. Rxd3 Rxc2+ 36. Kg1 Rdc8 37. Rc3 R8xc3 38. bxc3 Rxc3 39. Nxf6 Bc6 40. Rf5 Rc1
41. Kf2 Nc8 42. Rf4 Ne7 43. Rd4 Ng6 44. Bd3 Ne5 45. Be4 Rc3 46. Bxc6 Nxc6 47.
Re4 Rxh3 48. Re8+ Kg7 49. Nh5+ Kh7 50. Nf6+ Kg6 51. Ne4 Kg7 52. g5 h5 53. Ng3
Kg6 54. Rg8+ Kh7 55. Re8 Rh4 56. Kf3 Nd4+ 57. Ke3 Ne6 58. Ne4 Rh3+ 59. Kf2 h4
60. Rc8 Ra3 61. Rc4 Kg6 62. Nd2 Nxg5 63. Kg1 Ra2 64. Ne4 Nf3+ 65. Kf1 h3 66. Ng3
Nd2+ 0-1

[Event "FIDE World Rapid Team"]
[Site "London ENG"]
[Date "2025.06.12"]
[Round "5.3"]
[White "Erdogmus, Yagiz Kaan"]
[Black "Slavin, Gennadie"]
[Result "1-0"]
[WhiteTitle "GM"]
[WhiteElo "2626"]
[BlackElo "2207"]
[WhiteTeam "Generation XYZA"]
[BlackTeam "Perfect"]
[WhiteFideId "44599790"]
[BlackFideId "4104870"]
[EventDate "2025.06.11"]
[EventType "team"]

1. Nf3 Nf6 2. b3 g6 3. Bb2 Bg7 4. g3 O-O 5. Bg2 d6 6. d4 e5 7. dxe5 Ng4 8. c4
Nc6 9. O-O Ngxe5 10. Nxe5 Nxe5 11. Qd2 Re8 12. Nc3 Rb8 13. Nd5 Be6 14. e4 Bxd5
15. cxd5 Qf6 16. Kh1 Qe7 17. Rac1 f5 18. f4 Ng4 19. Bxg7 Qxg7 20. Bf3 Nh6 21. e5
dxe5 22. fxe5 Rxe5 23. Qa5 Re7 24. Qxa7 Qf8 25. Qa5 Qd8 26. d6 cxd6 27. Qc3 Nf7
28. Bd5 Re5 29. Rfd1 Kg7 30. Qd4 Qe7 31. a4 Re8 32. a5 Qf6 33. Qc3 R8e7 34. b4
Ng5 35. b5 Ne4 36. Qf3 Qg5 37. Rc2 Nc5 38. Kg2 Re3 39. Qf2 Ra3 40. Rxc5 dxc5 41.
Qb2+ Kh6 42. Qxa3 Re2+ 43. Kg1 Qe7 44. Qf3 Re1+ 45. Rxe1 Qxe1+ 46. Kg2 Qxa5 47.
Qe3+ Kg7 48. Qe7+ Kh6 49. Qf8+ 1-0

[Event "FIDE World Rapid Team"]
[Site "London ENG"]
[Date "2025.06.12"]
[Round "5.4"]
[White "Arakhamia-Grant, Ketevan"]
[Black "Salimova, Nurgyul"]
[Result "1/2-1/2"]
[WhiteTitle "GM"]
[BlackTitle "IM"]
[WhiteElo "2269"]
[BlackElo "2385"]
[WhiteTeam "Perfect"]
[BlackTeam "Generation XYZA"]
[WhiteFideId "13600168"]
[BlackFideId "2915138"]
[EventDate "2025.06.11"]
[EventType "team"]

1. e4 e5 2. Nf3 Nc6 3. Bb5 a6 4. Ba4 Nf6 5. O-O Be7 6. Re1 b5 7. Bb3 d6 8. c3
O-O 9. h3 h6 10. d4 Re8 11. Nbd2 Bd7 12. Nf1 Bf8 13. Ng3 a5 14. a4 bxa4 15. Bxa4
exd4 16. cxd4 Nb4 17. Bxd7 Qxd7 18. Bd2 Qb5 19. Bc3 d5 20. e5 Nd7 21. Nh4 c5 22.
dxc5 Nxc5 23. Nhf5 Ne6 24. Qg4 Kh7 25. Nd4 Nxd4 26. Bxd4 Ra6 27. Qf5+ Kg8 28.
Rac1 Nc6 29. Ne2 Bb4 30. Bc3 d4 31. Bxb4 axb4 32. Nf4 Nxe5 33. Nd3 Rae6 34. Nxe5
Rxe5 35. Rxe5 Qxe5 36. Qxe5 Rxe5 37. Rc8+ Kh7 38. Rd8 Re1+ 39. Kh2 Re2 40. Rxd4
Rxb2 41. Kg3 b3 42. Rb4 h5 43. Rb6 f6 44. h4 Kg6 45. Rb5 Rb1 46. Kf3 Kh6 47. g3
b2 48. Ke2 g5 49. Kf3 Kg6 50. Kg2 Kf7 51. Rb6 Ke7 52. hxg5 fxg5 53. f4 h4 54.
fxg5 hxg3 55. g6 Kf8 56. Rb7 Kg8 57. Rb6 Kg7 58. Rb3 Kh6 59. Rb6 Kg7 60. Rb3
Kxg6 61. Rxg3+ Kf5 62. Rb3 Ke4 63. Rb8 Kd3 64. Rd8+ Kc2 65. Rc8+ Kb3 66. Rb8+
Kc4 67. Rc8+ 1/2-1/2

[Event "FIDE World Rapid Team"]
[Site "London ENG"]
[Date "2025.06.12"]
[Round "5.5"]
[White "Kuru, Atilla"]
[Black "Atlas, Dmitry"]
[Result "1-0"]
[WhiteTitle "IM"]
[BlackTitle "FM"]
[WhiteElo "2428"]
[BlackElo "2107"]
[WhiteTeam "Generation XYZA"]
[BlackTeam "Perfect"]
[WhiteFideId "51607948"]
[BlackFideId "12000051"]
[EventDate "2025.06.11"]
[EventType "team"]

1. e4 e6 2. d4 d5 3. Nc3 Bb4 4. e5 c5 5. a3 Bxc3+ 6. bxc3 Qa5 7. Bd2 Ne7 8. h4
Qa4 9. h5 h6 10. Nf3 b6 11. Rh4 c4 12. Rg4 Rh7 13. Rf4 Nd7 14. Ra2 Bb7 15. Nh4
g5 16. hxg6 fxg6 17. Nf3 O-O-O 18. Rh4 Rdh8 19. g3 Nf5 20. Rh2 g5 21. Bh3 Kb8
22. Kf1 Nf8 23. Bg4 Bc8 24. Kg2 Ng6 25. Qh1 Nf8 26. Bh5 Rg8 27. Qb1 Bd7 28. Qb2
Bc8 29. Ra1 Bd7 30. Rhh1 Ng7 31. Bf7 Rgh8 32. Nh2 Nf5 33. Bh5 Ng7 34. Be2 Be8
35. Ng4 Nd7 36. Raf1 Bg6 37. Bd1 Nf5 38. Nh2 Rf8 39. Nf3 g4 40. Ng1 h5 41. Ne2
Ne7 42. Nf4 Be4+ 43. f3 gxf3+ 44. Bxf3 Bxf3+ 45. Rxf3 Rfh8 46. Nxe6 h4 47. Ng5
Rh5 48. g4 Rxg5 49. Bxg5 Rg8 50. Bxe7 Rxg4+ 51. Kh3 1-0

[Event "FIDE World Rapid Team"]
[Site "London ENG"]
[Date "2025.06.12"]
[Round "5.1"]
[White "Shirov, Alexei"]
[Black "Ghasi, Ameet K"]
[Result "0-1"]
[WhiteTitle "GM"]
[BlackTitle "GM"]
[WhiteElo "2620"]
[BlackElo "2513"]
[WhiteTeam "Global Ramblers"]
[BlackTeam "Sharks 4NCL"]
[WhiteFideId "2209390"]
[BlackFideId "409200"]
[EventDate "2025.06.11"]
[EventType "team"]

1. c4 g6 2. d4 Nf6 3. Nc3 Bg7 4. e4 d6 5. h3 Nbd7 6. Nf3 e5 7. d5 Nc5 8. Qc2 a5
9. g4 c6 10. Be3 cxd5 11. cxd5 O-O 12. Bxc5 dxc5 13. O-O-O a4 14. Kb1 a3 15. b3
Qa5 16. Nd2 Qb4 17. d6 Be6 18. Bc4 Rad8 19. Bxe6 fxe6 20. Nc4 Nd7 21. Qc1 Rf3
22. Ne2 b5 23. Ne3 Rxf2 24. Nc2 Qxe4 25. Nc3 Qc6 26. Qe3 Rf4 27. Rhf1 Rdf8 28.
Rxf4 Rxf4 29. Re1 Qxd6 30. Nxb5 Qf8 31. Nbxa3 Nb6 32. Rd1 Nd5 33. Qe1 e4 34. Ne3
Qf6 0-1

[Event "FIDE World Rapid Team"]
[Site "London ENG"]
[Date "2025.06.12"]
[Round "5.2"]
[White "Roberson, Peter T"]
[Black "Dudin, Gleb"]
[Result "0-1"]
[WhiteTitle "IM"]
[BlackTitle "GM"]
[WhiteElo "2433"]
[BlackElo "2574"]
[WhiteTeam "Sharks 4NCL"]
[BlackTeam "Global Ramblers"]
[WhiteFideId "412384"]
[BlackFideId "34184934"]
[EventDate "2025.06.11"]
[EventType "team"]

1. e4 c5 2. Be2 Nc6 3. f4 Nf6 4. d3 d5 5. e5 Ng8 6. c3 Bf5 7. Nf3 e6 8. O-O h5
9. d4 Nh6 10. Na3 Qb6 11. Kh1 Bg4 12. dxc5 Bxc5 13. b4 Be7 14. b5 Na5 15. Nd4
Rc8 16. Bb2 g6 17. Nac2 Nc4 18. Bc1 Qa5 19. Nb3 Qxc3 20. Ncd4 Nf5 21. Nxf5 gxf5
22. h3 Ne3 23. Bxe3 Qxe3 24. Bf3 Rg8 25. a4 Rc4 26. Rc1 Rxc1 27. Nxc1 Kd7 28.
Nd3 Rc8 29. Qb3 Qd4 30. b6 a6 31. Rc1 Rxc1+ 32. Nxc1 Bxf3 33. Qxf3 Qa1 0-1

[Event "FIDE World Rapid Team"]
[Site "London ENG"]
[Date "2025.06.12"]
[Round "5.3"]
[White "Glek, Igor"]
[Black "Rendle, Thomas E"]
[Result "1/2-1/2"]
[WhiteTitle "GM"]
[BlackTitle "IM"]
[WhiteElo "2444"]
[BlackElo "2370"]
[WhiteTeam "Global Ramblers"]
[BlackTeam "Sharks 4NCL"]
[WhiteFideId "4100484"]
[BlackFideId "408760"]
[EventDate "2025.06.11"]
[EventType "team"]

1. e4 e6 2. d3 d5 3. Qe2 dxe4 4. dxe4 e5 5. Nf3 Nc6 6. Nbd2 Nf6 7. Nc4 Bc5 8.
Bg5 O-O 9. c3 a5 10. Ncxe5 Nxe5 11. Nxe5 h6 12. Bxf6 Qxf6 13. Nd3 Bb6 14. g3 a4
15. a3 Rd8 16. Nf4 Qd6 17. Nd5 Be6 18. O-O-O Bxd5 19. exd5 Qf6 20. Bg2 Re8 21.
Qf3 Qxf3 22. Bxf3 Bxf2 23. Rhf1 Bc5 24. Rde1 g6 25. Kc2 Kg7 26. Kd3 Rxe1 27.
Rxe1 Ra6 28. Kc4 Bd6 29. Bd1 b5+ 30. Kd4 Ra8 31. Re4 h5 32. Be2 Rb8 33. Ke3 Bc5+
34. Kf3 Bd6 35. Bf1 1/2-1/2

[Event "FIDE World Rapid Team"]
[Site "London ENG"]
[Date "2025.06.12"]
[Round "5.4"]
[White "Moreby, James"]
[Black "Mesropov, Konstantin"]
[Result "0-1"]
[WhiteTitle "FM"]
[BlackTitle "IM"]
[WhiteElo "2320"]
[BlackElo "2458"]
[WhiteTeam "Sharks 4NCL"]
[BlackTeam "Global Ramblers"]
[WhiteFideId "427756"]
[BlackFideId "4116887"]
[EventDate "2025.06.11"]
[EventType "team"]

1. c4 e5 2. Nc3 Nf6 3. Nf3 e4 4. Ng5 c6 5. Qa4 Qe7 6. Qc2 b5 7. cxb5 d5 8. e3
Qe5 9. f4 Qc7 10. b3 a6 11. Bb2 axb5 12. Nxb5 Qb7 13. Nd4 h6 14. Nh3 Be7 15. Nf2
c5 16. Nb5 O-O 17. a4 Nc6 18. Ba3 d4 19. Bxc5 d3 20. Qc1 Na5 21. Nd4 Bxc5 22.
Qxc5 Nxb3 23. Nxb3 Qxb3 24. Qd4 Bb7 25. g3 Rfd8 26. Qe5 Rd5 27. Qe7 Qb2 28. Qa3
Qxa3 29. Rxa3 Rda5 30. Bg2 Rxa4 31. Rxa4 Rxa4 32. O-O Bd5 33. g4 g5 34. fxg5
hxg5 35. Nd1 Ra1 36. Nc3 Rxf1+ 37. Kxf1 Bc6 38. h4 gxh4 39. g5 Nh5 40. Kf2 Ng3
41. Na2 Bd7 42. Nb4 Bf5 43. Nd5 Kg7 44. Nf4 Ne2 45. Nd5 h3 46. Bh1 Kg6 47. Nf6
Kxg5 48. Nxe4+ Kh4 49. Nd6 Bg6 50. Nc4 Ng3 51. Bd5 h2 52. Ne5 Bh5 53. Bg2 h1=Q
54. Bxh1 Nxh1+ 55. Kg2 Ng3 56. Nxd3 Ne4 57. Nf4 Nxd2 58. Kf2 Ne4+ 59. Kg2 Bg4
60. Nd3 f6 61. Nf4 Kg5 62. Nd5 Kf5 63. Ne7+ Ke6 64. Ng6 Kd5 65. Nf4+ Kc4 66. Kf1
Nc3 67. Ke1 Nd5 68. Ng6 Kd3 69. Kf2 Bf5 70. Nh8 Nxe3 71. Nf7 Be6 72. Nd6 Nc4 73.
Ne8 f5 74. Ng7 Bd7 75. Nxf5 Bxf5 76. Kf3 Be4+ 77. Kf4 Kd4 78. Kg5 Ke5 79. Kh6
Kf5 80. Kg7 Nd6 81. Kh7 Kf6+ 82. Kh8 Nf7+ 83. Kg8 Bd3 84. Kf8 Bh7 85. Ke8 Ne5
86. Kd8 Be4 87. Kc7 Nc4 88. Kd7 Kf7 89. Kd8 Bc6 90. Kc7 Bb5 91. Kd8 Ke6 92. Kc8
Kd6 93. Kd8 Ne5 94. Kc8 Bc6 95. Kd8 Ng4 96. Kc8 Nf6 97. Kd8 Nd7 98. Ke8 Bd5 99.
Kd8 Bf7 100. Kc8 Nc5 101. Kd8 Nb7+ 102. Kc8 Kc6 103. Kb8 Kb6 104. Kc8 Be6+ 105.
Kb8 Nc5 106. Ka8 Bd7 107. Kb8 Na6+ 0-1

[Event "FIDE World Rapid Team"]
[Site "London ENG"]
[Date "2025.06.12"]
[Round "5.5"]
[White "Zatonskih, Anna"]
[Black "Hryshchenko, Kamila"]
[Result "1/2-1/2"]
[WhiteTitle "IM"]
[BlackTitle "WFM"]
[WhiteElo "2306"]
[BlackElo "2097"]
[WhiteTeam "Global Ramblers"]
[BlackTeam "Sharks 4NCL"]
[WhiteFideId "14101572"]
[BlackFideId "14147491"]
[EventDate "2025.06.11"]
[EventType "team"]

1. d4 d6 2. c4 e5 3. Nc3 exd4 4. Qxd4 Nc6 5. Qd2 Nf6 6. b3 a5 7. Bb2 a4 8. Rd1
axb3 9. axb3 Be6 10. e4 Be7 11. Nf3 h6 12. Be2 O-O 13. O-O Nd7 14. Nd5 Nde5 15.
Nxe7+ Qxe7 16. Nd4 Nxd4 17. Qxd4 f6 18. Qc3 Nd7 19. Bd3 Nc5 20. Bc2 Bd7 21. Rfe1
Ne6 22. Qd2 Bc6 23. f3 Rfb8 24. b4 b5 25. Bb3 Kh8 26. Rc1 Ra7 27. Qe3 Rab7 28.
c5 Be8 29. c6 Rb6 30. Bd5 Nd8 31. Rc2 Bxc6 32. Bb3 Be8 33. Rec1 c6 34. Rd2 Bf7
35. Bxf7 Nxf7 36. f4 Ra6 37. Rdc2 Re8 38. Re1 Ra4 39. Bc3 Qe6 40. Qb6 Rc8 41.
Bd2 Qe8 42. Qb7 Raa8 43. Qb6 Ra4 44. Qb7 Raa8 45. Qb6 Ra4 1/2-1/2

[Event "FIDE World Rapid Team"]
[Site "London ENG"]
[Date "2025.06.12"]
[Round "5.6"]
[White "Morea, Georgiana-Steluta"]
[Black "Volkov, Leonid"]
[Result "1-0"]
[WhiteElo "1920"]
[BlackElo "1828"]
[WhiteTeam "Sharks 4NCL"]
[BlackTeam "Global Ramblers"]
[WhiteFideId "1204319"]
[BlackFideId "12848140"]
[EventDate "2025.06.11"]
[EventType "team"]

1. d4 c5 2. d5 e6 3. c4 Nf6 4. Nc3 exd5 5. cxd5 d6 6. Nf3 a6 7. Bg5 b5 8. e3 Be7
9. a3 O-O 10. Be2 Bb7 11. h4 b4 12. axb4 cxb4 13. Bxf6 Bxf6 14. Ne4 Bxb2 15. Rb1
Qe7 16. Nfg5 Be5 17. Rxb4 f5 18. Nd2 Bxd5 19. O-O Nc6 20. Rb6 Qc7 21. Nc4 Ne7
22. Nxe5 dxe5 23. Rxa6 Rxa6 24. Bxa6 h6 25. Nf3 Rd8 26. Qe2 Ra8 27. Bb5 Ra2 28.
Qd1 Qb7 29. Be2 Qb2 30. Re1 Bc4 31. Bxc4+ Kh7 32. Bxa2 1-0

[Event "FIDE World Rapid Team"]
[Site "London ENG"]
[Date "2025.06.12"]
[Round "5.1"]
[White "Amartuvshin, Ganzorig"]
[Black "Navara, David"]
[Result "1/2-1/2"]
[WhiteTitle "IM"]
[BlackTitle "GM"]
[WhiteElo "2430"]
[BlackElo "2657"]
[WhiteTeam "Mongolia-A"]
[BlackTeam "Hetman GKS Katowice"]
[WhiteFideId "4902548"]
[BlackFideId "309095"]
[EventDate "2025.06.11"]
[EventType "team"]

1. d4 Nf6 2. c4 e6 3. Nf3 b6 4. g3 Ba6 5. b3 Bb4+ 6. Bd2 Be7 7. Bg2 d5 8. Bc3
O-O 9. Nbd2 Bb7 10. O-O Na6 11. Ne5 c5 12. Rc1 Rc8 13. e3 Rc7 14. Qe2 Qa8 15. f4
dxc4 16. Bxb7 Qxb7 17. bxc4 cxd4 18. exd4 Nb4 19. Bxb4 Bxb4 20. f5 Rd8 21. fxe6
fxe6 22. Ndf3 Qe4 23. Qd3 h6 24. Rc2 Qxd3 25. Nxd3 Bc5 26. Nxc5 bxc5 27. dxc5
Rxc5 28. Re1 Rdc8 29. Ne5 Nd5 30. Rf2 Nb4 31. a3 Nc6 32. Nxc6 R8xc6 33. Rf4 Rxc4
34. Rxc4 Rxc4 35. Rxe6 Ra4 36. Re3 Kf7 37. Kf2 Kf6 38. h3 h5 39. h4 g6 40. Kf3
Kf5 41. Rc3 Ra5 42. Re3 Rb5 43. Rc3 Ra5 44. Kg2 Ke4 45. Rc4+ Kd5 46. Rc3 Ra4 47.
Rf3 a5 48. Rf6 Rxa3 49. Rxg6 a4 50. Rg5+ Kc4 51. Rxh5 Rc3 52. Rh8 a3 53. Ra8 Kb3
54. h5 a2 55. g4 Kb2 56. Rxa2+ Kxa2 57. h6 Rc6 58. g5 Rg6 59. Kh3 Rxg5 60. Kh4
Rg1 61. Kh5 Kb3 62. h7 Kc4 63. Kh6 Kd5 64. h8=Q Rh1+ 65. Kg7 Rxh8 66. Kxh8 Ke5 1/2-1/2

[Event "FIDE World Rapid Team"]
[Site "London ENG"]
[Date "2025.06.12"]
[Round "5.2"]
[White "Klimkowski, Jan"]
[Black "Munkhdalai, Amilal"]
[Result "1-0"]
[WhiteTitle "GM"]
[BlackTitle "IM"]
[WhiteElo "2508"]
[BlackElo "2385"]
[WhiteTeam "Hetman GKS Katowice"]
[BlackTeam "Mongolia-A"]
[WhiteFideId "21856222"]
[BlackFideId "4903250"]
[EventDate "2025.06.11"]
[EventType "team"]

1. d4 Nf6 2. c4 e6 3. Nc3 Bb4 4. e3 O-O 5. Bd2 b6 6. Bd3 Bb7 7. Nh3 c5 8. d5
exd5 9. cxd5 Ba6 10. Qe2 Bxd3 11. Qxd3 d6 12. a3 Bxc3 13. Bxc3 Nbd7 14. O-O Re8
15. f3 Ne5 16. Bxe5 Rxe5 17. e4 Re8 18. Nf2 Nd7 19. Nd1 a6 20. Ne3 b5 21. Qd2 c4
22. Nf5 g6 23. Ne3 Qb6 24. Kh1 Ne5 25. Qc3 h5 26. Nc2 a5 27. Rae1 Rac8 28. f4
Nd3 29. Re3 b4 30. axb4 axb4 31. Qf6 Qd8 32. Qd4 Qc7 33. f5 b3 34. Na3 Ne5 35.
Qd2 Ng4 36. Rg3 Rxe4 37. h3 Ne5 38. Qh6 f6 39. fxg6 Qg7 40. Qxh5 Re8 41. Nb5 Rd8
42. Nc3 Rd4 43. Qf5 Rd3 44. Rxd3 cxd3 45. Ne4 Rf8 46. Nxd6 Qxg6 47. Qf4 Qg5 48.
Qd4 Kg7 49. Nf5+ Kh8 50. d6 Rc8 51. Ne3 Rg8 52. Rf4 Rc8 53. Rf1 Rg8 54. Rf5 Qg6
55. Rf4 Rc8 56. Ng4 Nxg4 57. Rxg4 Qf5 58. Rg3 Rf8 59. Qh4+ Qh7 60. Qxh7+ Kxh7
61. Rxd3 Rd8 62. g4 Kg6 63. d7 f5 64. Kg2 fxg4 65. hxg4 Kf6 66. Kg3 Ke6 67. Kh4
Ke7 68. Kg3 Kf6 69. Kf4 Ke7 70. Ke5 1-0

[Event "FIDE World Rapid Team"]
[Site "London ENG"]
[Date "2025.06.12"]
[Round "5.3"]
[White "Munkhzul, Turmunkh"]
[Black "Seemann, Jakub"]
[Result "1-0"]
[WhiteTitle "WGM"]
[BlackTitle "IM"]
[WhiteElo "2236"]
[BlackElo "2450"]
[WhiteTeam "Mongolia-A"]
[BlackTeam "Hetman GKS Katowice"]
[WhiteFideId "4901878"]
[BlackFideId "21874697"]
[EventDate "2025.06.11"]
[EventType "team"]

1. e4 c5 2. Nf3 d6 3. d4 cxd4 4. Nxd4 Nf6 5. Nc3 a6 6. Be3 e6 7. f3 h5 8. Qd2
Be7 9. Be2 O-O 10. O-O b5 11. a4 b4 12. Na2 a5 13. c3 bxc3 14. Nxc3 Bb7 15. Rfd1
Nbd7 16. Bb5 Rc8 17. Nb3 h4 18. Bxd7 Nxd7 19. Nb5 d5 20. Nxa5 Ba8 21. Na7 Rc5
22. b4 Rxa5 23. bxa5 h3 24. Rac1 Ne5 25. Qb2 Bd6 26. f4 Ng4 27. Bb6 Qe7 28. Nc8
Qd7 29. Nxd6 Qxd6 30. e5 Qd7 31. Qb5 Qe7 32. Bc5 Qh4 33. g3 Qh7 34. Qb1 Qxb1 35.
Rxb1 Rc8 36. Rdc1 d4 37. Bxd4 Rd8 38. Rb4 Kh7 39. a6 g5 40. fxg5 Kg6 41. a7 Bg2
42. Bb6 Rd2 43. Rxg4 Bf3 44. Rf4 Rg2+ 45. Kf1 Bd5 46. Rf2 1-0